Náboženstvo v ére globalizácie

Náboženstvo v kozmopolitnej ére globalizácie. Základné prístupy, ktorými sa dá nazerať na náboženstvo v medzinárodných vzťahoch. Sociologický prístup, ktorý nazerá na náboženstvo, ako na základný kameň spoločnosti.

Salvato in:
Dettagli Bibliografici
Autore principale: Poráziková, Lenka
Natura: Capitolo di libro
Lingua:slovacco
Soggetti:
Tags: Aggiungi Tag
Nessun Tag, puoi essere il primo ad aggiungerne!!

MARC

LEADER 00000nla a2200000 4500
001 0208576
005 20240417075102.0
041 0 |a slo 
044 |a SK 
245 1 0 |a Náboženstvo v ére globalizácie  |c Lenka Poráziková 
520 |a Náboženstvo v kozmopolitnej ére globalizácie. Základné prístupy, ktorými sa dá nazerať na náboženstvo v medzinárodných vzťahoch. Sociologický prístup, ktorý nazerá na náboženstvo, ako na základný kameň spoločnosti. 
610 2 0 |a politika medzinárodná 
610 2 0 |a globalizácia 
610 2 0 |a náboženstvo 
610 2 0 |a vzťahy medzinárodné 
610 2 0 |a sociológia 
100 1 |a Poráziková, Lenka